Education in Germany: personal impressions and experiences (Record no. 430317)

000 -LEADER
fixed length control field 00369cam a22001217a 4500
008 - FIXED-LENGTH DATA ELEMENTS--GENERAL INFORMATION
fixed length control field 180718b1955 xxu||||| |||| 00| 0 eng d
082 ## - DEWEY DECIMAL CLASSIFICATION NUMBER
Classification number Px43 H614
100 ## - MAIN ENTRY--PERSONAL NAME
Personal name Hirlekar, Yamunabai
245 ## - TITLE STATEMENT
Title Education in Germany: personal impressions and experiences
Statement of responsibility, etc. by Yamunabai Hirlekar
260 ## - PUBLICATION, DISTRIBUTION, ETC.
Place of publication, distribution, etc. Bombay
Name of publisher, distributor, etc. R.K. Hirlekar
Date of publication, distribution, etc. 1955
300 ## - PHYSICAL DESCRIPTION
Extent 152p.
650 ## - SUBJECT ADDED ENTRY--TOPICAL TERM
Topical term or geographic name entry element Education-Germany
Holdings
Withdrawn status Lost status Damaged status Not for loan Permanent Location Current Location Date acquired Full call number Barcode Date last seen Price effective from Koha item type
        Indian Institute of Public Administration Indian Institute of Public Administration 2010-01-08 Px43 H614 1978 2018-07-21 2018-07-21 Book

Powered by Koha